000 00319nam a22001337a 4500
008 210519b ||||| |||| 00| 0 eng d
041 _aeng
080 _a94
082 _a94
100 _a16
101 _aSHH
245 _aInterracialism and Christian Community in the Postwar South
_cK'Meyer,T.E
942 _2udc
_cBK
999 _c57465
_d57465